[Event "LSS SB-2009-0-00002"]
[Site "LSS email"]
[Date "2010.01.06"]
[Round "?"]
[White "Thomas, Gerald K"]
[Black "Kohler, Dennis R"]
[Result "1-0"]
[WhiteElo "1756"]
[BlackElo "1255"]
[PlyCount "37"]
[EventDate "2009.11.09"]
[EventType "tourn (corr)"]
[EventRounds "6"]
[EventCountry "GER"]
[SourceTitle "Corr 2013"]
[Source "ChessBase"]
[SourceDate "2012.11.12"]
[SourceVersion "1"]
[SourceVersionDate "2012.11.12"]
[SourceQuality "1"]
[WhiteTeam "US of America"]
[BlackTeam "US of America"]
[WhiteTeamCountry "USA"]
[BlackTeamCountry "USA"]

1. d4 d5 2. c4 Nf6 3. Nc3 Nc6 4. cxd5 Nxd5 5. e4 Nxc3 6. bxc3 e6 7. Nf3 h6 8. Bd3 a6 9. 0-0 Be7 10. Bf4 0-0 11. e5 f6 12. exf6 Bxf6 13. Bg3 b5 14. Qe2 Re8 15. Qe4 Qd5 16. Qh7+ Kf8 17. Be4 Qd7 18. Ne5 Bxe5 19. dxe5 1-0

[Event "LSS SB-2009-0-00001"]
[Site "LSS email"]
[Date "2009.11.22"]
[Round "?"]
[White "Best, Herbert A"]
[Black "Kohler, Dennis R"]
[Result "1-0"]
[WhiteElo "1700"]
[BlackElo "1255"]
[PlyCount "95"]
[EventDate "2009.10.22"]
[EventType "tourn (corr)"]
[EventRounds "12"]
[EventCountry "GER"]
[SourceTitle "Corr 2013"]
[Source "ChessBase"]
[SourceDate "2012.11.12"]
[SourceVersion "1"]
[SourceVersionDate "2012.11.12"]
[SourceQuality "1"]
[WhiteTeam "US of America"]
[BlackTeam "US of America"]
[WhiteTeamCountry "USA"]
[BlackTeamCountry "USA"]

1. e4 e6 2. d3 Be7 3. Nf3 d6 4. Be2 Nf6 5. 0-0 h6 6. Nbd2 Nc6 7. Ne1 Nd4 8. f4 Nxe2+ 9. Qxe2 0-0 10. e5 Nh7 11. Ne4 f5 12. exf6 Bxf6 13. c3 b6 14. Qg4 e5 15. f5 d5 16. Ng3 c5 17. Bxh6 Bg5 18. Bxg5 Qxg5 19. Qxg5 Nxg5 20. Nc2 Bd7 21. Ne3 Bc6 22. Ng4 e4 23. Ne5 Bb7 24. h4 Nf7 25. Ng6 Rfe8 26. dxe4 dxe4 27. Rae1 Nd6 28. Nh5 e3 29. g4 Re4 30. Ngf4 Kf7 31. Rf3 Rae8 32. Ne6 Rxg4+ 33. Rg3 Rxg3+ 34. Nxg3 Nxf5 35. Nxf5 Rxe6 36. Rxe3 Kf6 37. Rxe6+ Kxe6 38. Nxg7+ Kf7 39. Nf5 Kg6 40. Ng3 Bf3 41. Kf2 Bd1 42. Ke3 Kf6 43. Kf4 c4 44. Ne4+ Ke6 45. Nd2 b5 46. Nf3 Kf6 47. h5 Bxf3 48. Kxf3 1-0